[Event "POHÁR města Říčany 2022"]
[Site "Městské kulturní středisko U labutě"]
[Date "2022.08.27"]
[Round "1.30"]
[White "Pechanek, Krystof Jan"]
[Black "Cervenka, Petr"]
[Result "1/2-1/2"]
[WhiteElo "1556"]
[BlackElo "1928"]
[PlyCount "0"]
[EventDate "2022.08.27"]

1. d4 e6 2. Bf4 d5 3. e3 b6 4. c3 Bd6 5. Bg3 Ne7 6. Bd3 c5 7. Bb5+ Nbc6 8. Nf3
O-O 9. Nbd2 f6 10. Qc2 e5 11. dxe5 Nxe5 12. Nxe5 fxe5 13. Bh4 Bf5 14. e4 Bg6
15. Bc6 d4 16. Bxa8 Qxa8 17. f3 b5 18. Bxe7 Bxe7 19. O-O Bg5 20. Kh1 1/2-1/2

[Event "POHÁR města Říčany 2022"]
[Site "Městské kulturní středisko U labutě"]
[Date "2022.08.27"]
[Round "1.31"]
[White "Vavrinec, Tomas"]
[Black "Jankovsky, Zbynek"]
[Result "1/2-1/2"]
[WhiteElo "1911"]
[BlackElo "1552"]
[PlyCount "0"]
[EventDate "2022.08.27"]

1. c4 b6 2. Nc3 Bb7 3. e4 e6 4. a3 d5 5. cxd5 exd5 6. exd5 Bxd5 7. Nxd5 Qxd5
8. Qa4+ c6 9. Nf3 b5 10. Qc2 Nf6 11. Be2 Be7 12. O-O O-O 13. d4 Nbd7 14. Rd1 Ne4
15. b4 f5 16. Bb2 Rac8 17. Rac1 Kh8 18. Bd3 Bf6 19. Re1 g6 20. Ne5 Nxe5 21. dxe5
Bxe5 22. Bxe4 fxe4 23. Rcd1 Qa2 24. Re2 Bxb2 25. Qxb2+ Qxb2 26. Rxb2 Rf6 27. Re2
c5 28. bxc5 Rxc5 29. Rxe4 Ra6 30. h4 Rc7 31. Rd5 Rxa3 32. Rxb5 Rcc3 33. h5 Kg8
34. Re8+ Kf7 35. Ra8 1/2-1/2

[Event "POHÁR města Říčany 2022"]
[Site "Městské kulturní středisko U labutě"]
[Date "2022.08.27"]
[Round "1.32"]
[White "Markina, Sofiia"]
[Black "Blumel, Otto"]
[Result "0-1"]
[WhiteElo "1551"]
[BlackElo "1907"]
[PlyCount "0"]
[EventDate "2022.08.27"]

1. e4 c5 2. Nf3 Nc6 3. Nc3 Nf6 4. d4 d5 5. e5 cxd4 6. Nxd4 Nxe5 7. Bf4 Ng6
8. Bg3 e5 9. Nf3 d4 10. Ne2 Qa5+ 11. c3 dxc3 12. Nxc3 Bb4 13. Qb3 Be6 14. Bc4
Bxc4 15. Qxc4 O-O 16. O-O Rac8 17. Qe2 Bxc3 18. bxc3 Rfe8 19. c4 Rc5 20. Nd2 Qc7
21. Rac1 b5 22. Rc2 Rc8 23. Rfc1 h6 24. h4 Nd7 25. h5 Ngf8 26. Qg4 Nf6 27. Qh3
Ne6 28. Nb3 Rxc4 29. Rxc4 bxc4 30. Qf5 Qd8 31. Na1 Qd2 32. Rf1 e4 33. Be5 Rc5
34. Rb1 Nd7 0-1

[Event "POHÁR města Říčany 2022"]
[Site "Městské kulturní středisko U labutě"]
[Date "2022.08.27"]
[Round "1.33"]
[White "Voracek, Zdenek"]
[Black "Mrazek, Adam"]
[Result "1-0"]
[WhiteElo "1891"]
[BlackElo "1546"]
[PlyCount "0"]
[EventDate "2022.08.27"]

1. d4 Nf6 2. c4 g6 3. Nc3 Bg7 4. e4 a6 5. f3 O-O 6. Be3 Nc6 7. Qd2 d6 8. Bd3 e5
9. d5 Nd4 10. Nge2 Nd7 11. O-O-O Rb8 12. Bh6 Nxe2+ 13. Bxe2 Qh4 14. Bg5 Qf2
15. Be3 Qh4 16. g3 Qe7 17. h4 h5 18. g4 Nf6 19. Bg5 Kh7 20. gxh5 gxh5 21. f4
exf4 22. e5 Qxe5 23. Bd3+ Kh8 24. Rde1 Qd4 25. Rhf1 1-0

[Event "POHÁR města Říčany 2022"]
[Site "Městské kulturní středisko U labutě"]
[Date "2022.08.27"]
[Round "1.34"]
[White "Sadil, Antonin"]
[Black "Bartos, Vaclav"]
[Result "1-0"]
[WhiteElo "1546"]
[BlackElo "1889"]
[PlyCount "0"]
[EventDate "2022.08.27"]

1. e4 c5 2. Nf3 e6 3. c3 d5 4. exd5 exd5 5. d4 Nf6 6. Be3 b6 7. Bb5+ Bd7
8. Bxd7+ Nbxd7 9. O-O Bd6 10. Re1 O-O 11. h3 Qc7 12. Na3 Qc6 13. Nc2 Ne4 14. Ng5
Ndf6 15. Nxe4 Nxe4 16. Qf3 Rae8 17. Bf4 Re6 18. Bxd6 Qxd6 19. dxc5 bxc5 20. a3
Rb8 21. Rab1 Nf6 22. b3 g6 23. Re2 Rxe2 24. Qxe2 Re8 25. Qd3 Qf4 26. g3 Qc7
27. Qf3 Qd6 28. Qd3 Re5 29. Ne3 Qe6 30. Kg2 Qc6 31. Kg1 Kg7 32. f4 c4 33. bxc4
dxc4 34. Qxc4 Rc5 35. Qd4 Rxc3 36. g4 Kg8 37. g5 Ne8 38. Nd5 Rg3+ 39. Kh2 1-0

[Event "POHÁR města Říčany 2022"]
[Site "Městské kulturní středisko U labutě"]
[Date "2022.08.27"]
[Round "1.35"]
[White "Petrun, Milan"]
[Black "Tichy, Tomas"]
[Result "1/2-1/2"]
[WhiteElo "1880"]
[BlackElo "1535"]
[PlyCount "0"]
[EventDate "2022.08.27"]

1. e4 c5 2. Nf3 Nc6 3. d4 cxd4 4. Nxd4 Nf6 5. Nc3 e5 6. Ndb5 d6 7. a4 a6 8. Na3
Be6 9. Be2 d5 10. exd5 Nxd5 11. Nxd5 Qxd5 12. O-O Bc5 13. c3 Qxd1 14. Bxd1 O-O
15. b4 Be7 16. Be3 f5 17. Be2 Bf6 18. Rac1 e4 19. Bc4 Bxc4 20. Nxc4 Ne5 21. Nxe5
Bxe5 22. c4 Rac8 23. Rfd1 Rfd8 24. Rxd8+ Rxd8 25. g3 Rc8 26. a5 Kf7 27. h4 Ke6
28. Bc5 Rd8 29. Be3 Rc8 30. Kf1 h6 31. Ke2 Bd6 32. c5 Be5 33. b5 Kd5 34. Rd1+
Kc4 35. bxa6 bxa6 36. Rb1 Bc3 37. Rb6 Bxa5 38. Rxa6 Bb4 39. Ra7 Bxc5 40. Rxg7
Bxe3 41. Kxe3 Kd5 42. Kf4 Rc2 43. Kxf5 Rxf2+ 44. Kg6 Ke6 45. Ra7 e3 1/2-1/2

[Event "POHÁR města Říčany 2022"]
[Site "Městské kulturní středisko U labutě"]
[Date "2022.08.27"]
[Round "1.36"]
[White "Chernyy, Andrey"]
[Black "Benes, Jachym"]
[Result "0-1"]
[WhiteElo "1534"]
[BlackElo "1876"]
[PlyCount "0"]
[EventDate "2022.08.27"]

1. e4 e6 2. d4 d5 3. Nd2 c5 4. exd5 Qxd5 5. Ngf3 Nc6 6. Bc4 Qd8 7. Nb3 cxd4
8. O-O a6 9. Nbxd4 Nxd4 10. Nxd4 b5 11. Be2 Bb7 12. Bf3 Bxf3 13. Qxf3 Ne7
14. Rd1 Qc8 15. Re1 Ng6 16. Bg5 Be7 17. Bxe7 Nxe7 18. Qa3 Qb7 19. Qh3 O-O
20. Nxe6 fxe6 21. Qxe6+ Rf7 22. Red1 Qc6 23. Rd6 Qxc2 24. Rad1 Qxf2+ 25. Kh1 Kh8
26. h3 Ng6 27. Qe4 Raf8 28. Rxa6 Qg3 29. Rg1 Nf4 30. Ra3 Qg6 31. Qe1 Qc2 32. Rf3
h6 33. Rf2 Qc6 34. Kh2 Qd6 35. Kh1 Qd5 36. Kh2 Qh5 37. Qe3 Nxh3 0-1

[Event "POHÁR města Říčany 2022"]
[Site "Městské kulturní středisko U labutě"]
[Date "2022.08.27"]
[Round "1.37"]
[White "Maslo, Ondrej"]
[Black "Glasberger, Roman"]
[Result "1-0"]
[WhiteElo "1870"]
[BlackElo "1533"]
[PlyCount "1-0"]
[EventDate "2022.08.27"]

1. e4 c5 2. c3 d6 3. d4 cxd4 4. cxd4 Nf6 5. Nc3 a6 6. Nf3 e6 7. Be3 b5 8. a3
Nbd7 9. Bd3 Bb7 10. Qb3 Qc7 11. Rc1 Rc8 12. Nxb5 Qxc1+ 13. Bxc1 Rxc1+ 14. Ke2
Rxh1 15. Nc7+ Ke7 16. Qxb7 g6 17. e5 dxe5 18. dxe5 Nh5 19. g3 Bg7 20. Nd4 Rc1
21. f4 Rb8 22. Nc6+ Rxc6 23. Qxc6 Rxb2+ 24. Bc2 Rb6 25. Qc4 Bf8 26. Nxa6 Kd8
27. Qc7+ Ke7 28. Nc5 1-0

[Event "POHÁR města Říčany 2022"]
[Site "Městské kulturní středisko U labutě"]
[Date "2022.08.27"]
[Round "1.38"]
[White "Sboev, Kirill"]
[Black "Tejkal, Jiri"]
[Result "0-1"]
[WhiteElo "1522"]
[BlackElo "1869"]
[PlyCount "0"]
[EventDate "2022.08.27"]

1. d4 Nf6 2. c4 e6 3. Nc3 Bb4 4. Qc2 b6 5. Nf3 Bb7 6. g3 O-O 7. Bg2 d5 8. cxd5
exd5 9. a3 Bxc3+ 10. bxc3 Nbd7 11. O-O Re8 12. Bg5 h6 13. Bf4 Ne4 14. h4 Ndf6
15. Ne5 Nh5 16. Be3 f6 17. Nd3 Nexg3 18. Rfd1 Nf5 19. Nf4 Nxe3 20. fxe3 Ng3
21. Kf2 Ne4+ 22. Bxe4 Rxe4 23. Rg1 g5 24. c4 c6 25. Nh5 Qe7 26. hxg5 fxg5
27. Ng3 Rf8+ 28. Ke1 Re6 29. Rh1 Qh7 30. Qc3 c5 31. dxc5 Qg7 32. Qxg7+ Kxg7
33. cxb6 axb6 34. cxd5 Bxd5 35. Rh2 Rxe3 36. Nf1 Rb3 37. e3 Ra8 38. Rd1 Bf7
39. Rd6 Rb1+ 40. Ke2 Bc4+ 0-1

[Event "POHÁR města Říčany 2022"]
[Site "Městské kulturní středisko U labutě"]
[Date "2022.08.27"]
[Round "1.39"]
[White "Skala, Jaromir"]
[Black "Gacho, Ondrej"]
[Result "1-0"]
[WhiteElo "1862"]
[BlackElo "1517"]
[PlyCount "1-0"]
[EventDate "2022.08.27"]

1. d4 d5 2. Nf3 e6 3. g3 Nf6 4. Bg2 c5 5. O-O Nc6 6. b3 Be7 7. Bb2 O-O 8. e3
Rb8 9. a4 Qc7 10. Qe2 b6 11. Nc3 Na5 12. Na2 Rd8 13. Rfd1 c4 14. b4 Nc6 15. b5
Na5 16. Bc3 a6 17. Ne5 axb5 18. axb5 Nd7 19. Bxa5 Nxe5 20. Be1 Ng6 21. Nc3 Bb4
22. Nxd5 exd5 23. Bxb4 Qd7 24. Rdb1 Bb7 25. Bc3 Ra8 26. Qd2 Rxa1 27. Bxa1 Ra8
28. Qc3 Ra2 29. h4 Bc8 30. e4 Bb7 31. f3 dxe4 32. fxe4 Qg4 33. d5 Qe2 34. Qxg7#
1-0

[Event "POHÁR města Říčany 2022"]
[Site "Městské kulturní středisko U labutě"]
[Date "2022.08.27"]
[Round "1.40"]
[White "Zabehlicky, Jiri"]
[Black "Pecka, Jan"]
[Result "0-1"]
[WhiteElo "1429"]
[BlackElo "1840"]
[PlyCount "0"]
[EventDate "2022.08.27"]

1. e4 c5 2. Nc3 Nc6 3. g3 g6 4. Bg2 Bg7 5. Nge2 e6 6. d3 Nge7 7. O-O O-O 8. Be3
Nd4 9. Qd2 Nec6 10. Rab1 Rb8 11. Bxd4 cxd4 12. Nd1 b5 13. b3 d6 14. Nb2 Qc7
15. Ra1 a6 16. a4 Bd7 17. axb5 axb5 18. Rfc1 Ra8 19. Nd1 Qb7 20. Rcb1 Ra6
21. Qc1 Rfa8 22. Rxa6 Qxa6 23. f4 Ra7 24. Nf2 Nb4 25. h3 Qa3 0-1

[Event "POHÁR města Říčany 2022"]
[Site "Městské kulturní středisko U labutě"]
[Date "2022.08.27"]
[Round "1.41"]
[White "Hlavacek, Ondrej"]
[Black "Kubicek, Daniel"]
[Result "1-0"]
[WhiteElo "1831"]
[BlackElo "1364"]
[PlyCount "0"]
[EventDate "2022.08.27"]

1. Nf3 Nc6 2. b3 e5 3. d3 {[%xcpdma 2]} 3... d5 4. Bb2 d4 5. Nbd2 f5 6. c3 dxc3
7. Bxc3 Bd6 8. g3 Nf6 9. Nc4 O-O 10. Bg2 Qe7 11. O-O e4 12. dxe4 fxe4 13. Nd4
Bd7 14. Nb5 Bb4 15. Bxf6 gxf6 16. a3 Ba5 17. Nxa5 Nxa5 18. Nxc7 Bc6 19. Nxa8
Rxa8 20. b4 Nc4 21. b5 Be8 22. Qd5+ Bf7 23. Qxe4 Qxe4 24. Bxe4 Nd2 25. Bxb7 Rb8
26. Bc6 Nxf1 27. Kxf1 Bc4 28. Ke1 a6 29. a4 a5 30. Rd1 Bb3 31. Bd5+ Bxd5
32. Rxd5 Rc8 33. b6 1-0

[Event "POHÁR města Říčany 2022"]
[Site "Městské kulturní středisko U labutě"]
[Date "2022.08.28"]
[Round "2.1"]
[White "Hejsek, Lukas"]
[Black "Vojta, Jakub"]
[Result "0-1"]
[WhiteElo "1994"]
[BlackElo "2313"]
[PlyCount "0"]
[EventDate "2022.08.27"]

1. d4 Nf6 2. Nf3 e6 3. c4 Bb4+ 4. Bd2 Qe7 5. g3 Nc6 6. Bg2 Bxd2+ 7. Nbxd2 O-O
8. O-O d6 9. e3 e5 10. Qc2 Bg4 11. Rac1 Rfe8 12. d5 Nb8 13. Nh4 e4 14. f3 exf3
15. Ndxf3 Nbd7 16. Nd4 Qf8 17. h3 Bh5 18. g4 Bg6 19. Nxg6 hxg6 20. g5 Nh5
21. Ne6 Qe7 22. Nxc7 Ne5 23. Nxa8 Rxa8 24. h4 Rc8 25. b3 Qd7 26. Bf3 Ng3 27. Qg2
Nxf1 28. Rxf1 b5 29. Be2 bxc4 30. Bxc4 a5 31. Rf4 a4 32. Kh2 axb3 33. Bxb3 Rc3
34. Qe2 Qc8 35. Kg3 Rc1 36. Bd1 Qc3 37. Rd4 Qc5 38. Qd2 Rc3 39. Kf2 Qc8 40. Ra4
Rd3 41. Qc2 Qh3 42. Qc1 0-1

[Event "POHÁR města Říčany 2022"]
[Site "Městské kulturní středisko U labutě"]
[Date "2022.08.28"]
[Round "2.2"]
[White "Novotny, Michal"]
[Black "Rousek, Jan"]
[Result "1-0"]
[WhiteElo "2241"]
[BlackElo "2040"]
[PlyCount "0"]
[EventDate "2022.08.27"]

1. e4 c5 2. Nf3 e6 3. g3 Nc6 4. Bg2 Nf6 5. Qe2 e5 6. O-O Be7 7. c3 d6 8. Rd1
O-O 9. d4 cxd4 10. cxd4 Bg4 11. dxe5 Nxe5 12. h3 Nxf3+ 13. Bxf3 Bxf3 14. Qxf3
Nd7 15. Nc3 Re8 16. Bf4 Qb8 17. Rac1 Rc8 18. Nd5 Bf8 19. Qg4 Rxc1 20. Rxc1 Qd8
21. Bg5 Ne5 22. Bxd8 Nxg4 23. hxg4 Rxd8 24. Rc7 Rb8 25. g5 a6 26. Kg2 g6
27. Nf6+ Kg7 28. f4 b5 29. f5 1-0

[Event "POHÁR města Říčany 2022"]
[Site "Městské kulturní středisko U labutě"]
[Date "2022.08.28"]
[Round "2.3"]
[White "Seidl, Jan"]
[Black "Horak, Martin"]
[Result "1/2-1/2"]
[WhiteElo "1949"]
[BlackElo "2238"]
[PlyCount "0"]
[EventDate "2022.08.27"]

1. d4 Nf6 2. c4 c5 3. d5 b5 4. cxb5 a6 5. bxa6 g6 6. Nc3 Bg7 7. e4 O-O 8. Nf3
Qa5 9. Bd2 Bxa6 10. Bxa6 Qxa6 11. Qe2 Qxe2+ 12. Kxe2 e6 13. Rhd1 exd5 14. exd5
Na6 15. Bf4 Rfe8+ 16. Kf1 Ne4 17. Rac1 Nb4 18. Nxe4 Rxe4 19. Bd6 Bxb2 20. Rxc5
Nxa2 21. Rc7 Nc3 22. Re1 Rxe1+ 23. Nxe1 Nxd5 24. Rxd7 Nf6 25. Rb7 Bc3 26. Rb8+
Rxb8 1/2-1/2

[Event "POHÁR města Říčany 2022"]
[Site "Městské kulturní středisko U labutě"]
[Date "2022.08.28"]
[Round "2.4"]
[White "Petr, Jakub"]
[Black "Krizek, Krystof"]
[Result "1-0"]
[WhiteElo "2220"]
[BlackElo "1961"]
[PlyCount "0"]
[EventDate "2022.08.27"]

1. e4 e5 2. Nf3 Nc6 3. Bb5 a6 4. Ba4 Nf6 5. O-O Be7 6. d4 O-O 7. Re1 b5 8. dxe5
Ng4 9. Bb3 Bc5 10. Re2 Bb6 11. Bf4 Qe7 12. Nc3 Qc5 13. Qd5 Bb7 14. Qxc5 Bxc5
15. h3 Nxf2 16. Rxf2 Nd8 17. Nd5 Bxf2+ 18. Kxf2 Ne6 19. Be3 Rfe8 20. c4 Bc6
21. Nd4 Rac8 22. cxb5 Bxb5 23. Rc1 c5 24. Nxe6 c4 25. Nd4 Rxe5 1-0

[Event "POHÁR města Říčany 2022"]
[Site "Městské kulturní středisko U labutě"]
[Date "2022.08.28"]
[Round "2.5"]
[White "Matras, Ondrej"]
[Black "Horinek, Karel"]
[Result "1-0"]
[WhiteElo "2184"]
[BlackElo "1946"]
[PlyCount "0"]
[EventDate "2022.08.27"]

1. d4 d5 2. c4 c6 3. Nf3 Nf6 4. Nc3 e6 5. Bg5 Bb4 6. Qc2 Nbd7 7. cxd5 exd5
8. e3 Qa5 9. Bd3 h6 10. Bh4 Bd6 11. Bg3 Bxg3 12. hxg3 Nf8 13. O-O-O Bg4 14. Bf5
Bxf3 15. gxf3 g6 16. Bh3 N8d7 17. e4 dxe4 18. d5 Ne5 19. dxc6 Nxc6 20. fxe4 Kf8
21. f4 Kg7 22. e5 Nh5 23. Qh2 Qc5 24. Rhe1 Rad8 25. Bg4 Rxd1+ 26. Bxd1 Nb4
27. Kb1 Nd3 28. Rf1 Rc8 29. Bxh5 gxh5 30. Qc2 Nb4 31. Qf5 1-0

[Event "POHÁR města Říčany 2022"]
[Site "Městské kulturní středisko U labutě"]
[Date "2022.08.28"]
[Round "2.6"]
[White "Blumel, Otto"]
[Black "Sedy, Pavel"]
[Result "1/2-1/2"]
[WhiteElo "1907"]
[BlackElo "2177"]
[PlyCount "0"]
[EventDate "2022.08.27"]

1. d4 e6 2. e4 d5 3. Nc3 Nf6 4. Bg5 Be7 5. exd5 exd5 6. Bd3 Nc6 7. Nge2 Nb4
8. Bb5+ c6 9. Ba4 O-O 10. a3 Na6 11. O-O Nc7 12. Ng3 Ne6 13. Be3 Ne8 14. Nf5 Bf6
15. Ne2 Nd6 16. Nxd6 Qxd6 17. c3 b6 18. Bc2 Ba6 19. Re1 Rfe8 20. Ng3 g6 21. Bh6
Ng7 22. Qf3 Re6 23. Rxe6 Qxe6 24. h3 Re8 25. Kh2 Bd8 26. a4 Qd6 27. Kg1 Bc7
28. Bxg7 Kxg7 29. b4 h5 30. Bd3 Bxd3 31. Qxd3 h4 32. Nf1 Re6 33. Qf3 Qf4 34. Qd3
g5 35. g3 hxg3 36. Nxg3 Kf8 37. Qh7 Qf6 38. Rf1 Ke7 39. Qd3 Kd7 40. Nf5 Re4
41. Ng3 Rh4 42. Kg2 g4 43. hxg4 Rxg4 44. Re1 Rf4 45. Qe3 Kc8 46. b5 cxb5
47. axb5 Qg6 48. Qe8+ Kb7 49. Re7 Rxf2+ 50. Kxf2 Qxg3+ 51. Kf1 1/2-1/2

[Event "POHÁR města Říčany 2022"]
[Site "Městské kulturní středisko U labutě"]
[Date "2022.08.28"]
[Round "2.8"]
[White "Benes, Jachym"]
[Black "Horak, Jan"]
[Result "0-1"]
[WhiteElo "1876"]
[BlackElo "2155"]
[PlyCount "0"]
[EventDate "2022.08.27"]

1. d4 Nf6 2. c4 c5 3. d5 e6 4. Nc3 exd5 5. cxd5 Bd6 6. Nf3 O-O 7. e4 Re8 8. Bd3
c4 9. Bc2 Nxe4 10. Nxe4 f5 11. O-O fxe4 12. Ng5 h6 13. Nxe4 Be5 14. Qh5 d6
15. Bxh6 gxh6 16. Qxh6 Bf5 17. Rae1 Nd7 18. Re3 Qe7 19. f4 Bd4 20. Rf3 Qh7
21. Rg3+ Kh8 22. Qxd6 Rxe4 23. Bxe4 Bxe4 24. Rh3 Bxe3+ 25. Kf1 Bxg2+ 26. Kxg2
Rg8+ 27. Rg3 Rxg3+ 28. hxg3 Bc5 29. Qe6 0-1

[Event "POHÁR města Říčany 2022"]
[Site "Městské kulturní středisko U labutě"]
[Date "2022.08.28"]
[Round "2.10"]
[White "Pecka, Jan"]
[Black "Soural, Jan"]
[Result "0-1"]
[WhiteElo "1840"]
[BlackElo "2144"]
[PlyCount "0"]
[EventDate "2022.08.27"]

1. d4 Nf6 2. c4 g6 3. Nc3 d5 4. cxd5 Nxd5 5. Bd2 Nxc3 6. Bxc3 Bg7 7. e4 O-O
8. Bc4 c5 9. d5 Bxc3+ 10. bxc3 e6 11. d6 Qf6 12. Qf3 Qe5 13. Qd3 Rd8 14. Rd1 Nc6
15. Nf3 Qg7 16. O-O Bd7 17. Rfe1 g5 18. h3 Ne5 19. Nxe5 Qxe5 20. Qg3 f6 21. Qxe5
fxe5 22. a4 Kf7 23. a5 b5 24. axb6 axb6 25. Ra1 b5 26. Bb3 Bc6 27. Rxa8 Bxa8
28. Ra1 Bxe4 29. Ra7+ Kf6 30. c4 bxc4 31. Bxc4 Rxd6 32. Rc7 Rc6 33. Rd7 Bd5
34. Bxd5 exd5 35. Rxd5 c4 36. Rd2 c3 37. Rc2 e4 38. Kf1 Ke5 39. Ke2 Kd4 40. Rc1
Kc4 41. Kd1 Kd3 42. Rc2 Ra6 43. Rc1 Ra2 0-1

[Event "POHÁR města Říčany 2022"]
[Site "Městské kulturní středisko U labutě"]
[Date "2022.08.28"]
[Round "2.11"]
[White "Skypala, Ondrej"]
[Black "Skala, Jaromir"]
[Result "1/2-1/2"]
[WhiteElo "2140"]
[BlackElo "1862"]
[PlyCount "0"]
[EventDate "2022.08.27"]

1. c4 d6 2. g3 e5 3. Bg2 Be7 4. Nc3 f5 5. d3 Nf6 6. e4 c6 7. Nge2 O-O 8. O-O a5
9. a3 Qc7 10. d4 fxe4 11. dxe5 dxe5 12. Bg5 e3 13. Bxe3 Be6 14. Na4 Nbd7 15. Qc2
Ng4 16. Bd2 Bf5 17. Be4 Bxe4 18. Qxe4 Ngf6 19. Qf5 Nc5 20. Nxc5 Bxc5 21. b4 axb4
22. axb4 Rxa1 23. Rxa1 Bd4 24. Nxd4 exd4 25. Qe6+ Qf7 26. Qxf7+ Kxf7 27. f3 Rd8
28. Kf2 Rd7 29. Ke2 Ne8 30. Kd3 Nc7 31. Ra7 Ne6 32. f4 g6 33. Ra5 Kf6 34. g4 Ng7
35. Be1 h5 36. gxh5 Nxh5 37. Bh4+ Kf7 38. Bg5 Ng7 39. h4 Nf5 40. h5 Kg7 41. Re5
Rf7 42. h6+ Nxh6 43. Kxd4 Nf5+ 44. Kc5 Rd7 45. b5 cxb5 46. Kxb5 Kf7 47. c5 Nd4+
48. Kb6 Nc6 49. Re1 Nb4 50. Rh1 Ke6 51. Re1+ Kf7 52. Kb5 Nc6 53. Kb6 Nb4 54. Rb1
Nc6 55. Rh1 Kg7 56. Ra1 Kf7 57. Ra8 Kg7 58. Rc8 Kf7 59. Bh6 Ke6 60. Re8+ Kf5
61. Rf8+ Kg4 62. Rf6 Kh5 63. Bg5 Nb4 64. Rd6 Rf7 65. Kb5 Nc6 66. Rxc6 bxc6+
67. Kxc6 Ra7 68. Kd6 Ra1 69. Bf6 Rd1+ 70. Ke6 Rc1 71. Be7 Kg4 72. Bd6 Rxc5
73. Bxc5 Kxf4 1/2-1/2

[Event "POHÁR města Říčany 2022"]
[Site "Městské kulturní středisko U labutě"]
[Date "2022.08.28"]
[Round "2.12"]
[White "Rut, Vojtech"]
[Black "Hlavacek, Ondrej"]
[Result "1/2-1/2"]
[WhiteElo "2111"]
[BlackElo "1831"]
[PlyCount "0"]
[EventDate "2022.08.27"]

1. d4 Nf6 2. Nf3 g6 3. g3 Bg7 4. Bg2 O-O 5. O-O d6 6. a4 Nc6 7. a5 e5 8. dxe5
dxe5 9. a6 e4 10. Ng5 Qe7 11. c3 h6 12. Nh3 bxa6 13. Qa4 Bb7 14. Nf4 Rab8 15. h4
Kh7 16. Be3 Rfd8 17. Nd2 Ng4 18. Nc4 Nce5 19. Nxe5 Nxe3 20. fxe3 Qxe5 1/2-1/2

[Event "POHÁR města Říčany 2022"]
[Site "Městské kulturní středisko U labutě"]
[Date "2022.08.28"]
[Round "2.13"]
[White "Havelka, Petr"]
[Black "Novak, Jindrich"]
[Result "0-1"]
[WhiteElo "1817"]
[BlackElo "2093"]
[PlyCount "0"]
[EventDate "2022.08.27"]

1. d4 d6 2. c4 e5 3. dxe5 dxe5 4. Qxd8+ Kxd8 5. e3 c6 6. Nf3 f6 7. Be2 Be6
8. Nc3 Kc7 9. a3 Nh6 10. b4 a5 11. b5 Nd7 12. Na4 Nb6 13. Nxb6 Kxb6 14. a4 Nf7
15. O-O Kc7 16. Ba3 Bxa3 17. Rxa3 c5 18. Rd1 Rad8 19. Raa1 Rxd1+ 20. Rxd1 Nd6
21. Nd2 Rd8 22. b6+ Kc8 23. Rc1 Kb8 24. Kf1 Nc8 25. Nb3 Nxb6 26. Nxc5 Bf7
27. Rb1 Rc8 28. Rxb6 Rxc5 0-1

[Event "POHÁR města Říčany 2022"]
[Site "Městské kulturní středisko U labutě"]
[Date "2022.08.28"]
[Round "2.14"]
[White "Placer, Sebastian"]
[Black "Sadil, Antonin"]
[Result "1-0"]
[WhiteElo "2090"]
[BlackElo "1546"]
[PlyCount "0"]
[EventDate "2022.08.27"]

1. d4 c6 2. c4 e6 3. Nc3 d5 4. e3 Nf6 5. Nf3 Be7 6. Qc2 Nbd7 7. b3 b6 8. Bd3
Ba6 9. e4 dxe4 10. Nxe4 h6 11. O-O Qc7 12. Bb2 O-O-O 13. a4 Nxe4 14. Bxe4 f5
15. Bd3 Qf4 16. Rfe1 Nf8 17. Ne5 Bb7 18. Nf7 Bd6 19. g3 Qg4 20. Be2 Qh3 21. Nxd8
Kxd8 22. c5 Bb8 23. Bf1 f4 24. cxb6 fxg3 25. fxg3 h5 26. Bg2 h4 27. Bxh3 hxg3
28. Bg2 Rxh2 29. Rf1 Nd7 30. Bc1 Nxb6 31. Bg5+ Kd7 32. Rf7+ Kc8 33. Rxb7 1-0

[Event "POHÁR města Říčany 2022"]
[Site "Městské kulturní středisko U labutě"]
[Date "2022.08.28"]
[Round "2.15"]
[White "Hampl, David"]
[Black "Novotny, Martin"]
[Result "0-1"]
[WhiteElo "1639"]
[BlackElo "2064"]
[PlyCount "0"]
[EventDate "2022.08.27"]

1. d4 Nf6 2. Nc3 d5 3. Bf4 a6 4. e3 e6 5. g4 Bb4 6. Bd3 c5 7. dxc5 Bxc3+
8. bxc3 Qa5 9. Qd2 Qxc5 10. Nf3 Nc6 11. Ne5 Nd7 12. Nxc6 Qxc6 13. g5 d4 14. Rg1
dxc3 15. Qe2 b6 16. Qh5 g6 17. Qh6 Bb7 18. Qg7 Rf8 19. h4 O-O-O 20. h5 e5
21. Bg3 Qe6 22. Qh6 Kb8 23. hxg6 hxg6 24. Qh4 Nc5 25. Be2 Rd2 26. Rc1 Rfd8
27. Qb4 Ne4 28. Bd3 Nxg3 29. Rxg3 Qc6 30. e4 Rh8 31. Bf1 Qxe4+ 32. Qxe4 Bxe4
33. Rxc3 Rd6 34. Bxa6 Rh1+ 35. Bf1 Bb7 36. Re3 Ba6 37. c4 Rd4 38. Rec3 Rg4
39. Kd2 Rxg5 40. Be2 Rh2 41. Ra3 Bb7 42. Rb1 Rxf2 43. Rxb6 Rgg2 44. Re3 Kc7
45. Rb5 f6 46. Kd1 Rxe2 47. Rxe2 Bf3 48. Rb2 Rg1+ 49. Kd2 Bxe2 0-1

[Event "POH�R m�sta ���any 2022"]
[Site "M�stsk� kulturn� st�edisko U labut�"]
[Date "2022.08.28"]
[Round "2.16"]
[White "Yagiz, Bora"]
[Black "Petrun, Milan"]
[Result "1-0"]
[WhiteElo "2154"]
[BlackElo "1880"]
[PlyCount "0"]
[EventDate "2022.08.27"]

1. e4 c5 2. Nc3 Nc6 3. Bb5 Nd4 4. Bc4 g6 5. Nf3 Bg7 6. Nxd4 cxd4 7. Qf3 e6
8. Nb5 d6 9. Qa3 Ke7 10. c3 e5 11. cxd4 exd4 12. Qd3 Qb6 13. a4 a6 14. Na3 Be6
15. b3 Nf6 16. Bxe6 fxe6 17. Nc4 Qc6 18. e5 dxe5 19. Ba3+ Ke8 20. O-O Nd5 21. g3
a5 22. Rac1 Nb4 23. Bxb4 axb4 24. Nxe5 Qd6 25. Qxd4 Rd8 26. Rc8 Ke7 27. Rc7+ Ke8
28. Qf4 Rf8 1-0

[Event "POHÁR města Říčany 2022"]
[Site "Městské kulturní středisko U labutě"]
[Date "2022.08.28"]
[Round "2.17"]
[White "Pisar, Tomas"]
[Black "Ocelak, Jakub"]
[Result "0-1"]
[WhiteElo "1624"]
[BlackElo "2149"]
[PlyCount "0"]
[EventDate "2022.08.27"]

1. d4 b5 2. Nf3 Bb7 3. g3 Nf6 4. Bg2 e6 5. O-O c5 6. b3 cxd4 7. Nxd4 Bxg2
8. Kxg2 Qb6 9. Bb2 Nc6 10. Qd3 a6 11. Nxc6 Qxc6+ 12. Qf3 Qxf3+ 13. Kxf3 Rc8
14. Rc1 d5 15. Nd2 Kd7 16. a4 b4 17. c4 bxc3 18. Bxc3 Bd6 19. Ba5 Rxc1 20. Rxc1
Rb8 21. Rb1 Bb4 22. Bxb4 Rxb4 23. h3 e5 24. Kg2 Kd6 25. Rc1 Rb8 26. Kf1 h5
27. Ke1 Nd7 28. Kd1 g6 29. Kc2 Nc5 30. Kc3 a5 31. e3 Rc8 0-1